<?xml version="1.0" encoding="UTF-8"?>
<marc:record xmlns:marc="http://www.loc.gov/MARC21/slim">
   <marc:leader>00000nam a2200000 a 4500</marc:leader>
   <marc:datafield ind1="1" ind2=" " tag="100">
      <marc:subfield code="a">Hadler, Colin</marc:subfield>
      <marc:subfield code="4">aut</marc:subfield>
      <marc:subfield code="e">Verfasser/-in</marc:subfield>
   </marc:datafield>
   <marc:datafield ind1="0" ind2="0" tag="245">
      <marc:subfield code="a">Firewatch</marc:subfield>
   </marc:datafield>
   <marc:datafield ind1="0" ind2="0" tag="245">
      <marc:subfield code="b">Thriller</marc:subfield>
   </marc:datafield>
   <marc:datafield ind1=" " ind2="1" tag="264">
      <marc:subfield code="b">dtv</marc:subfield>
      <marc:subfield code="c">2026</marc:subfield>
   </marc:datafield>
   <marc:datafield ind1="1" ind2=" " tag="520">
      <marc:subfield code="a">Quelle: bn.bibliotheksnachrichten (http://www.biblio.at/literatur/bn/index.html); 
Autor: Sabine Eidenberger; 
Date den Mörder deines besten Freundes! (DR)
Robin ist überzeugt, den Mörder seines besten Freundes zu kennen. Aaron ist vor einem Jahr verschwunden, der Fall wurde zu den Akten gelegt. Doch Robin gibt nicht auf. Um die Wahrheit ans Licht zu bringen, beginnt er eine Beziehung mit Kian  jenem Mann, den er für schuldig hält. Ein riskantes Spiel, emotional wie körperlich, denn Kian ist gefährlich, auf mehr als eine Weise...
Colin Hadler gelingt mit »Firewatch« ein bemerkenswertes Genre-Crossover. Der Roman bewegt sich souverän zwischen Young Adult, Thriller und Romance und entzieht sich bewusst einer eindeutigen Zuordnung. Erzählt wird auf zwei Zeitebenen: der Zeit vor Aarons Verschwinden und der Gegenwart, in der Robin seine eigenen Ermittlungen vorantreibt. Die Spannung entsteht nicht nur durch äußere Bedrohung, sondern vor allem durch psychologische Nähe und moralische Ambivalenz. Ein zentraler Schauplatz ist ein kalifornischer Nationalpark mit seinen abgelegenen Feuerwachtürmen. Aaron arbeitete dort, ebenso wie Kian, ein charismatischer Schriftsteller, der eine starke Anziehung auf ihn ausübte. Für ihn verließ Aaron unerlaubt seinen Posten  und kehrte nie zurück. Trotz der Warnungen seiner Freundin Haley begibt sich Robin in eine Beziehung, die ihn immer tiefer in Gefahr bringt.
Hadlers Stil ist dicht, atmosphärisch und emotional präzise. Die Spannung wird konsequent gehalten, ohne auf einfache Effekte zu setzen. »Firewatch« ist ein intensiver Pageturner, der nicht nur junge Erwachsene anspricht, und ein starkes Beispiel für zeitgenössische österreichische Literatur. Für alle Bestände.

 ---- 
Quelle: bn.bibliotheksnachrichten; 
Autor: Sabine Eidenberger; 
Sperrfrist bis 19.2.2026</marc:subfield>
   </marc:datafield>
   <marc:datafield ind1=" " ind2=" " tag="020">
      <marc:subfield code="a">9783423264631</marc:subfield>
      <marc:subfield code="9">9783423264631</marc:subfield>
   </marc:datafield>
</marc:record>
